Kraje Europy z największą ilością psów - Statystyki

Ogólne statystyki
  • Ten quiz został rozwiązany 114 razy
  • Średni wynik to 7 z 10
Statystyki odpowiedzi
# Kraj % Poprawnych
5 Polska
98%
5,3 Czechy
85%
6 Słowacja
82%
7,5 Hiszpania
78%
5 Litwa
74%
4,9 Portugalia
70%
6,8 Finlandia
65%
6,3 Estonia
64%
4,8 Rumunia
64%
7,2 Słowenia
58%
Nie znaleziono quizów pasujących do podanych kryteriów
Rozkład punktacji
Procent ludzi z każdym wynikiem
Percentyl według liczby udzielonych odpowiedzi
Twoja historia wyników
Nie rozwiązałeś tego quizu